|
|
|
|
| LEADER |
00000nam0a2200000 4500 |
| 001 |
314692 |
| 005 |
20231102002713.0 |
| 035 |
|
|
|a (RuTPU)RU\TPU\book\340115
|
| 090 |
|
|
|a 314692
|
| 100 |
|
|
|a 20160218d1962 km y0rusy50 ca
|
| 101 |
0 |
|
|a rus
|
| 102 |
|
|
|a RU
|
| 105 |
|
|
|a a z 000zy
|
| 200 |
1 |
|
|a Реактивная лампа
|f И. В. Лобанов
|
| 210 |
|
|
|a Москва
|c Воениздат
|d 1962
|
| 215 |
|
|
|a 104 с.
|c ил.
|
| 225 |
1 |
|
|a Техника связи
|
| 606 |
1 |
|
|a Электронные лампы, реактивные
|2 stltpush
|3 (RuTPU)RU\TPU\subj\20448
|9 45549
|
| 610 |
1 |
|
|a переменные токи
|
| 610 |
1 |
|
|a теория
|
| 610 |
1 |
|
|a устройство
|
| 610 |
1 |
|
|a схемы
|
| 610 |
1 |
|
|a частотная модуляция
|
| 610 |
1 |
|
|a коррекция
|
| 610 |
1 |
|
|a связь
|
| 610 |
1 |
|
|a радиочастоты
|
| 675 |
|
|
|a 621.385
|v 4
|
| 700 |
|
1 |
|a Лобанов
|b И. В.
|g Игорь Валентинович
|
| 801 |
|
1 |
|a RU
|b 63413507
|c 20160218
|
| 801 |
|
2 |
|a RU
|b 63413507
|c 20160224
|g RCR
|
| 942 |
|
|
|c BK
|